| 000 | 00848nam a22002417a 4500 | ||
|---|---|---|---|
| 005 | 20251108173348.0 | ||
| 008 | 250721s1996 xx 000 0 ara d | ||
| 020 | _a9772614928 | ||
| 082 | 1 | 4 | _aم/ ط/ 956/فقي |
| 100 | 1 | _aالفقي، عصام الدين عبد الرؤوف | |
| 245 | 1 | 0 | _aالمشرق الإسلامي بعد العباسيين (656- 1343ه) / |
| 264 | 1 |
_aالقاهرة : _bمكتبة سفير، _c1996. |
|
| 300 | _a112ص. | ||
| 490 | 0 | _aموسوعة سفير للتاريخ الإسلامي | |
| 650 | 1 | 7 | _aالمشرق الإسلامي |
| 650 | 1 | 7 | _aالمغول |
| 650 | 1 | 7 | _aالايلكخانيون 1349-1256 |
| 650 | 1 | 7 | _aالجلائريون 1411-1336 |
| 653 | _aناشئون كبار (15-18 سنة) | ||
| 700 | 1 | _aجمال الدين، محمد السعيد | |
| 942 |
_2ddc _cBK |
||
| 999 |
_c102130 _d102130 |
||